TA'U: stability and change in a samoan village (Record no. 418440)

000 -LEADER
fixed length control field 00449cam a22001337a 4500
008 - FIXED-LENGTH DATA ELEMENTS--GENERAL INFORMATION
fixed length control field 180718b1958 xxu||||| |||| 00| 0 eng d
082 ## - DEWEY DECIMAL CLASSIFICATION NUMBER
Classification number B135x7613 H736
100 ## - MAIN ENTRY--PERSONAL NAME
Personal name Holmes, Lowell D.
245 ## - TITLE STATEMENT
Title TA'U: stability and change in a samoan village
Statement of responsibility, etc. by Lowell D. Holmes
260 ## - PUBLICATION, DISTRIBUTION, ETC.
Place of publication, distribution, etc. Wellington
Name of publisher, distributor, etc. Polynesian Society Incorporated
Date of publication, distribution, etc. 1958
300 ## - PHYSICAL DESCRIPTION
Extent ix, 87p
650 ## - SUBJECT ADDED ENTRY--TOPICAL TERM
Topical term or geographic name entry element Cultural Stability and Cultural Change.
650 ## - SUBJECT ADDED ENTRY--TOPICAL TERM
Topical term or geographic name entry element Contemporary Manu'an Culture
Holdings
Withdrawn status Lost status Damaged status Not for loan Permanent Location Current Location Date acquired Full call number Barcode Date last seen Price effective from Koha item type
        Indian Institute of Public Administration Indian Institute of Public Administration 2009-06-17 B135x7613 H736 27158 2018-07-21 2018-07-21 Book

Powered by Koha